Encyclopedia Of The Great Engineering Projects In History (Record no. 321085)

MARC details
000 -LEADER
fixed length control field 00540nam a2200169Ia 4500
008 - FIXED-LENGTH DATA ELEMENTS--GENERAL INFORMATION
fixed length control field 230718s9999 xx 000 0 und d
041 ## - LANGUAGE CODE
Language code of text/sound track or separate title eng
082 ## - DEWEY DECIMAL CLASSIFICATION NUMBER
Classification number 620
Item number DAV
100 ## - MAIN ENTRY--PERSONAL NAME
Personal name Davidson F.P.
245 ## - TITLE STATEMENT
Title Encyclopedia Of The Great Engineering Projects In History
Remainder of title Building The World Vol.I
260 ## - PUBLICATION, DISTRIBUTION, ETC. (IMPRINT)
Date of publication, distribution, etc. 2009
Name of publisher, distributor, etc. Pentagon & Greenwood Press
300 ## - PHYSICAL DESCRIPTION
Extent 450
Accompanying material [OBSOLETE, CAN/MARC] Ref 348 G (32291), Ref 349 G (32292)
365 ## - TRADE PRICE
Currency code Rs.
Price amount 4500.00
500 ## - GENERAL NOTE
Keywords 348Gen
700 ## - ADDED ENTRY--PERSONAL NAME
Personal name Davidson F.P. & Brooke K.L.
906 ## - LOCAL DATA ELEMENT F, LDF (RLIN)
d B:108090127403-Mar-2009
c GENRL
b 900
Holdings
Withdrawn status Lost status Source of classification or shelving scheme Reference No Damaged status Not for loan Home library Current library Date acquired Vendor Budget Code Cost, normal purchase price Bill number Full call number Barcode Date last seen Discount Cost, replacement price Bill Date Koha item type Original Barcode
    Dewey Decimal Classification Ref 349 G (32292)   Reference Cummins College of Engineering for Women Pune Cummins College of Engineering for Women Pune 30/03/2009 Varma Book Distributors GENRL 1800.00 1080901274 620 CCEP-BK-32292 18/07/2023 900 4500.00 03/03/2009 Books 032292